Albums by Cover Art - New Wave - Statistics

General Stats
  • This quiz has been taken 340 times
    143 since last reset
  • The average score is 12 of 20
Answer Stats
Picture Answer % Correct
Blondie - Parallel Lines
89%
Billy Idol - Rebel Yell
87%
The Police - Synchronicity
79%
The Clash - Combat Rock
77%
Talking Heads - Talking Heads: 77
74%
Cyndi Lauper - She's So Unusual
72%
Duran Duran - Rio
72%
Culture Club - Colour by Numbers
70%
The Cars - The Cars
67%
DEVO - Freedom of Choice
63%
Elvis Costello - This Year's Model
60%
INXS - Kick
59%
The B-52's - The B-52's
58%
Dexys Midnight Runners - Too-Rye-Ay
54%
Men at Work - Business as Usual
54%
Adam and the Ants - Kings of the Wild Frontier
39%
The Go-Go's - Beauty and the Beat
37%
Pretenders - Learning to Crawl
35%
Oingo Boingo - Dead Mans Party
25%
Simple Minds - New Gold Dream
18%
No matching quizzes found
Score Distribution
Percent of People with Each Score
Percentile by Number Answered
Your Score History
You have not taken this quiz since the last reset